Valorant Players by Real Names - Statistics

General Stats
  • This quiz has been taken 62 times
  • The average score is 8 of 25
Answer Stats
Name Answer % Correct
Erick Santos aspas
92%
Pujan Mehta FiNESSE
92%
Timofey Khromov Chronicle
71%
Corbin Daniel Lee C0M
53%
Wang Jing Jie 王敬杰 Jinggg
53%
Alessandro Aaron Leonhart mindfreak
49%
Mohamed Amine Ouarid johnqt
47%
Wan Shunzhi 万顺治 CHICHOO
37%
Adil Benrlitom ScreaM
37%
Ričardas Lukaševičius Boo
35%
Nikita Cherednichenko trexx
29%
Kyrylo Karasov ANGE1
27%
Goo Sang-min 구상민 Rb
22%
Shota Watanabe 渡邊 翔太 SugarZ3ro
20%
Thanamethk Mahatthananuyut Crws
16%
Ham Woo-joo 함우주 iZu
16%
Daniel Abedrabbo Rossy
16%
Nicholas Garrison NaturE
14%
Emil Trajkovski runneR
12%
Yusuf Doğan Gözgen xeus
12%
Jung Jae-sung 정재성 Foxy9
10%
Ho Shun-hei 何洵熙 heybay
8%
Yip Man-ho 葉文灝 YoU
8%
Dmitriy Matvienko dimasick
6%
Lu Zhinan 卢智楠 Kai
6%
No matching quizzes found
Score Distribution
Percent of People with Each Score
Percentile by Number Answered
Your Score History
You have not taken this quiz